World political encyclopaedia / (Record no. 123719)
[ view plain ]
| 000 -LEADER | |
|---|---|
| fixed length control field | 00693nam a22002297a 4500 |
| 005 - DATE AND TIME OF LATEST TRANSACTION | |
| control field | 20170124105929.0 |
| 010 ## - LIBRARY OF CONGRESS CONTROL NUMBER | |
| LC control number | A-680158 |
| 020 ## - INTERNATIONAL STANDARD BOOK NUMBER | |
| Terms of availability | 00 |
| International Standard Book Number | 8172241496 |
| 035 ## - SYSTEM CONTROL NUMBER | |
| System control number | A-680158 |
| 037 ## - SOURCE OF ACQUISITION | |
| Source of stock number/acquisition | Cen Lib/Ret |
| 040 ## - CATALOGING SOURCE | |
| Original cataloging agency | DPL |
| Language of cataloging | EN |
| 082 ## - DEWEY DECIMAL CLASSIFICATION NUMBER | |
| Classification number | 320.03 |
| Item number | WOR |
| 245 ## - TITLE STATEMENT | |
| Title | World political encyclopaedia / |
| Statement of responsibility, etc | compiled by Chris Cook |
| 260 ## - PUBLICATION, DISTRIBUTION, ETC. (IMPRINT) | |
| Place of publication, distribution, etc | Bombay |
| Name of publisher, distributor, etc | Jaico Publishing House |
| Date of publication, distribution, etc | 1993 |
| 270 ## - ADDRESS | |
| City | Bombay |
| Address | 121, mg road |
| Postal code | 400023 |
| 300 ## - PHYSICAL DESCRIPTION | |
| Extent | iv, 490p. |
| Dimensions | 22cm(Hb) |
| 500 ## - GENERAL NOTE | |
| General note | Includes index |
| 650 ## - SUBJECT ADDED ENTRY--TOPICAL TERM | |
| Topical term or geographic name as entry element | Political science |
| Form subdivision | Encyclopaedias |
| 9 (RLIN) | 72076 |
| 650 ## - SUBJECT ADDED ENTRY--TOPICAL TERM | |
| Topical term or geographic name as entry element | World politics |
| Form subdivision | Encyclopaedias |
| 9 (RLIN) | 72077 |
| 700 ## - ADDED ENTRY--PERSONAL NAME | |
| Personal name | Cook, Chris |
| 9 (RLIN) | 7805 |
| 942 ## - ADDED ENTRY ELEMENTS (KOHA) | |
| Source of classification or shelving scheme | Dewey Decimal Classification |
| Koha item type | English Books |
| Classification part | 320.03 |
| Call number suffix | WOR |
| Withdrawn status | Lost status | Damaged status | Not for loan | Collection code | Home library | Current library | Date acquired | Source of acquisition | Cost, normal purchase price | Total Checkouts | Full call number | Barcode | Date last seen | Copy number | Cost, replacement price | Price effective from | Koha item type |
|---|---|---|---|---|---|---|---|---|---|---|---|---|---|---|---|---|---|
| Not For Loan | Reference | Central Library | Central Library | 11/06/2015 | Cen Lib/Ret | 0.00 | 320.03 WOR | A-680158 | 11/06/2015 | 1 | 0.00 | 15/09/2016 | English Books |
